000 00272nam a22001217a 4500
003 SGT
082 _a370
_bSHA
100 _aSHARMA, REKHA
245 _aAUTISM AND DEVELOPMENTAL DISABILITIES
260 _aDELHI
_bSONALI PUB.
_c2016
300 _a272
942 _2ddc
_cBK
_02
999 _c17609
_d17609